[Event "POL-chT 2nd League"]
[Site "Jastrzebia Gora"]
[Date "2023.09.08"]
[Round "7.41"]
[White "Tamon, Radoslaw"]
[Black "Zabron, Maksym"]
[Result "0-1"]
[WhiteElo "1845"]
[BlackElo "1993"]
[PlyCount "52"]
[EventDate "2023.09.02"]
[EventType "team-swiss"]
[EventRounds "9"]
[EventCountry "POL"]
[SourceTitle "EXT 2024"]
[Source "ChessBase"]
[SourceDate "2023.10.10"]
[SourceVersion "1"]
[SourceVersionDate "2023.10.10"]
[SourceQuality "1"]
[WhiteTeam "Torun UKS OPP"]
[BlackTeam "Gliwice Politechnika Slaska"]
[WhiteTeamCountry "POL"]
[BlackTeamCountry "POL"]

1. e4 c5 2. c3 d5 3. exd5 Qxd5 4. d4 Nf6 5. Nf3 Nc6 6. Be3 cxd4 7. cxd4 e6 8. Nc3 Qd6 9. Be2 Be7 10. 0-0 0-0 11. Rc1 a6 12. Qc2 Nb4 13. Qb1 Nbd5 14. Ne5 Bd7 15. Bf3 Rac8 16. Rfd1 b5 17. Ne2 Rfd8 18. Nf4 Be8 19. Nfd3 Nxe3 20. fxe3 Nd5 21. Nc5 Rxc5 22. Rxc5 Nxe3 23. Rdc1 Qxd4 24. Qd3 Bxc5 25. Rxc5 Qxc5 26. Qxd8 Ng4+ 0-1

[Event "Poznan op 24th"]
[Site "Poznan"]
[Date "2016.08.12"]
[Round "5"]
[White "Czarnolewski, Piotr"]
[Black "Tamon, Radoslaw"]
[Result "1/2-1/2"]
[WhiteElo "1680"]
[BlackElo "1807"]
[PlyCount "129"]
[EventDate "2016.08.08"]
[EventType "swiss"]
[EventRounds "9"]
[EventCountry "POL"]
[SourceTitle "CBM 173 Extra"]
[Source "ChessBase"]
[SourceDate "2016.08.29"]
[SourceVersion "1"]
[SourceVersionDate "2016.08.29"]
[SourceQuality "1"]

1. e4 e5 2. Nf3 Nc6 3. Bb5 a6 4. Ba4 Bc5 5. 0-0 d6 6. h3 Nf6 7. Re1 0-0 8. c3 b5 9. Bc2 h6 10. d4 exd4 11. cxd4 Bb6 12. Nc3 Ne7 13. b4 Bb7 14. Bf4 Ng6 15. Bg3 Re8 16. d5 Nh5 17. Bh2 Nhf4 18. Ne2 Qf6 19. Nxf4 Nxf4 20. Bxf4 Qxf4 21. Qd3 g6 22. a4 bxa4 23. Bxa4 Re7 24. Qd2 Qxd2 25. Nxd2 Bd4 26. Rac1 a5 27. bxa5 Rxa5 28. Rc4 Bb6 29. Nf3 Kg7 30. Rb4 Ba6 31. e5 Rxd5 32. exd6 Rxe1+ 33. Nxe1 Rxd6 34. Nf3 Bb7 35. Rb2 Rd3 36. Bc2 Rc3 37. Ne1 Bd5 38. Rb5 Rc5 39. Rxc5 Bxc5 40. Nd3 Bb6 41. Nb4 Bc4 42. Nc6 Bd5 43. Ne7 Bb7 44. Ba4 c5 45. Kf1 Ba6+ 46. Ke1 Ba5+ 47. Kd1 Bc4 48. Kc2 Be1 49. f4 Kf6 50. Ng8+ Kg7 51. Ne7 f5 52. Bc6 Kf6 53. Nc8 Bg3 54. Nb6 Ba6 55. Nd7+ Kg7 56. Nxc5 Bf1 57. Bf3 Kf6 58. Nd7+ Ke6 59. Nc5+ Ke7 60. Nd3 Bxd3+ 61. Kxd3 Bxf4 62. Ke2 Ke6 63. Bb7 Ke5 64. Kf3 g5 65. g4 1/2-1/2

[Event "Poznan op 24th"]
[Site "Poznan"]
[Date "2016.08.09"]
[Round "2"]
[White "Tamon, Radoslaw"]
[Black "Tomaszewski, Kacper"]
[Result "1/2-1/2"]
[WhiteElo "1807"]
[BlackElo "2187"]
[PlyCount "94"]
[EventDate "2016.08.08"]
[EventType "swiss"]
[EventRounds "9"]
[EventCountry "POL"]
[SourceTitle "CBM 173 Extra"]
[Source "ChessBase"]
[SourceDate "2016.08.29"]
[SourceVersion "1"]
[SourceVersionDate "2016.08.29"]
[SourceQuality "1"]

1. d4 Nf6 2. c4 g6 3. Nc3 d5 4. cxd5 Nxd5 5. e4 Nxc3 6. bxc3 Bg7 7. Bc4 c5 8. Ne2 Nc6 9. Be3 0-0 10. h4 cxd4 11. cxd4 b5 12. Bd5 Bb7 13. Rc1 Rc8 14. Nf4 Na5 15. Bxb7 Rxc1 16. Qxc1 Nxb7 17. e5 Qa5+ 18. Qd2 Rd8 19. Qxa5 Nxa5 20. Nd3 Nc6 21. Kd2 Nxd4 22. Rc1 Nf5 23. Ke2 Nxh4 24. g3 Nf5 25. Rc7 a6 26. Ra7 h5 27. Rxa6 Rc8 28. Kd2 Rc4 29. Ra5 Nxe3 30. Kxe3 Ra4 31. Rxa4 bxa4 32. f4 e6 33. a3 Bf8 34. Nb2 Bc5+ 35. Ke4 Bxa3 36. Nxa4 Bb4 37. Nb2 Kf8 38. Nd3 Bd2 39. Nc5 Ke7 40. Kf3 Be1 41. Ne4 Bb4 42. Ng5 Ke8 43. Ne4 Be7 44. Ke3 Kd7 45. Kd4 Kc6 46. Kc4 Kb6 47. Kd4 Kc6 1/2-1/2

[Event "Poznan op 24th"]
[Site "Poznan"]
[Date "2016.08.08"]
[Round "1"]
[White "Grochowski, Michal"]
[Black "Tamon, Radoslaw"]
[Result "0-1"]
[WhiteElo "1306"]
[BlackElo "1807"]
[PlyCount "56"]
[EventDate "2016.08.08"]
[EventType "swiss"]
[EventRounds "9"]
[EventCountry "POL"]
[SourceTitle "CBM 173 Extra"]
[Source "ChessBase"]
[SourceDate "2016.08.29"]
[SourceVersion "1"]
[SourceVersionDate "2016.08.29"]
[SourceQuality "1"]

1. e4 e6 2. d4 d5 3. Nd2 dxe4 4. Nxe4 Nf6 5. Ng3 c5 6. Nf3 Nc6 7. Bb5 Qa5+ 8. c3 Qxb5 9. a4 Qb6 10. 0-0 cxd4 11. Nxd4 Nxd4 12. cxd4 Be7 13. Re1 0-0 14. Rb1 Bb4 15. Re2 Bd7 16. Bg5 Nd5 17. Ne4 h6 18. Be3 Nxe3 19. Rxe3 e5 20. dxe5 Bf5 21. Qf3 Qg6 22. h3 Rae8 23. g4 Rxe5 24. Nf6+ Qxf6 25. Rxe5 Bxb1 26. Qe2 Bd3 27. Qe3 Bd2 28. Qxd3 Qxe5 0-1

[Event "POL-ch U16"]
[Site "Szklarska Poreba"]
[Date "2016.03.19"]
[Round "8"]
[White "Tamon, Radoslaw"]
[Black "Poplawski, Maciej"]
[Result "1-0"]
[WhiteElo "1925"]
[BlackElo "1856"]
[PlyCount "63"]
[EventDate "2016.03.13"]
[EventType "swiss"]
[EventRounds "9"]
[EventCountry "POL"]
[SourceTitle "EXT 2018"]
[Source "ChessBase"]
[SourceDate "2017.10.13"]
[SourceVersion "1"]
[SourceVersionDate "2017.10.13"]
[SourceQuality "1"]

1. e4 d6 2. d4 Nf6 3. Nc3 c6 4. Be3 Qc7 5. h3 Nbd7 6. Qf3 e5 7. 0-0-0 b5 8. g4 h6 9. Qg2 Qa5 10. f4 b4 11. Nb1 Qxa2 12. dxe5 dxe5 13. fxe5 Nxe5 14. Bd4 Qe6 15. Nf3 Bd6 16. Nbd2 Nfd7 17. Bxe5 Nxe5 18. Nd4 Qf6 19. Nc4 Bc7 20. Be2 Bb7 21. Rhf1 Qg5+ 22. Kb1 0-0-0 23. Nxe5 Bxe5 24. Nf3 Qe7 25. Nxe5 Qxe5 26. Rxf7 c5 27. Qf1 g6 28. Rxd8+ Rxd8 29. Ba6 Rd7 30. Rxd7 Bxa6 31. Qd1 Bb5 32. Qd6 1-0

[Event "POL-ch U16"]
[Site "Szklarska Poreba"]
[Date "2016.03.18"]
[Round "7"]
[White "Lukasiewicz, Krzysztof"]
[Black "Tamon, Radoslaw"]
[Result "1/2-1/2"]
[WhiteElo "2114"]
[BlackElo "1925"]
[PlyCount "81"]
[EventDate "2016.03.13"]
[EventType "swiss"]
[EventRounds "9"]
[EventCountry "POL"]
[SourceTitle "EXT 2018"]
[Source "ChessBase"]
[SourceDate "2017.10.13"]
[SourceVersion "1"]
[SourceVersionDate "2017.10.13"]
[SourceQuality "1"]

1. e4 e5 2. Nf3 Nc6 3. Bc4 Nf6 4. d3 Be7 5. 0-0 d6 6. a4 Na5 7. Ba2 c5 8. c3 Nc6 9. Re1 0-0 10. Nbd2 Be6 11. Nc4 Qd7 12. h3 h6 13. Be3 Kh8 14. d4 cxd4 15. cxd4 exd4 16. Nxd4 Rad8 17. Nxe6 fxe6 18. Nd2 d5 19. exd5 exd5 20. Nf3 Bb4 21. Bd2 Ne4 22. Bxb4 Nxb4 23. Bb1 Qc6 24. Qd4 a5 25. Bxe4 dxe4 26. Qxe4 Nc2 27. Rac1 Nxe1 28. Rxc6 Nxf3+ 29. gxf3 bxc6 30. Qxc6 Rf5 31. Kg2 Rg5+ 32. Kh2 Rd2 33. Qb6 Kh7 34. b3 Rg6 35. Qe3 Rb2 36. f4 Kg8 37. Qe8+ Kh7 38. Qe3 Kg8 39. Qe8+ Kh7 40. Qe3 Kg8 41. Qe8+ 1/2-1/2

[Event "POL-ch U16"]
[Site "Szklarska Poreba"]
[Date "2016.03.13"]
[Round "1"]
[White "Gumularz, Szymon"]
[Black "Tamon, Radoslaw"]
[Result "1-0"]
[WhiteElo "2287"]
[BlackElo "1925"]
[PlyCount "57"]
[EventDate "2016.03.13"]
[EventType "swiss"]
[EventRounds "9"]
[EventCountry "POL"]
[SourceTitle "EXT 2018"]
[Source "ChessBase"]
[SourceDate "2017.10.13"]
[SourceVersion "1"]
[SourceVersionDate "2017.10.13"]
[SourceQuality "1"]

1. Nf3 Nf6 2. g3 g6 3. Bg2 Bg7 4. 0-0 0-0 5. c4 c5 6. d4 d5 7. dxc5 dxc4 8. Na3 Na6 9. c6 bxc6 10. Ne5 Bb7 11. Qa4 Qc7 12. Naxc4 Nd5 13. Nd3 Nb6 14. Qc2 Nxc4 15. Qxc4 Rfd8 16. Be3 Qa5 17. Rac1 Rac8 18. Bxa7 Nc7 19. Bc5 e5 20. Qb3 Qb5 21. Bb6 Qxb3 22. axb3 Rd6 23. Ra1 Nb5 24. Ra5 Rb8 25. Rc1 f5 26. Rxb5 cxb5 27. Bc7 Rdd8 28. Bxb7 e4 29. Nf4 1-0

[Event "POL-chT3 Kujawsko Pomorskie 1617"]
[Site "Poland"]
[Date "2016.??.??"]
[Round "1.13"]
[White "Rogulski, Sebastian"]
[Black "Tamon, Radoslaw"]
[Result "0-1"]
[WhiteElo "1517"]
[BlackElo "1800"]
[PlyCount "104"]
[EventDate "2016.11.06"]
[EventType "team-tourn"]
[EventRounds "9"]
[EventCountry "POL"]
[SourceTitle "EXT 2018"]
[Source "ChessBase"]
[SourceDate "2017.10.13"]
[SourceVersion "1"]
[SourceVersionDate "2017.10.13"]
[SourceQuality "1"]

1. e4 e6 2. d4 d5 3. exd5 exd5 4. Bd3 Bd6 5. Ne2 Ne7 6. 0-0 c6 7. c3 Qc7 8. Ng3 Be6 9. Bg5 Nd7 10. Re1 Nf6 11. Bxf6 gxf6 12. Qf3 h5 13. Qxf6 0-0-0 14. Nf5 Bxh2+ 15. Kh1 Nxf5 16. Bxf5 Bxf5 17. Qxf5+ Rd7 18. Re7 Bd6 19. Rxf7 Qd8 20. Nd2 Qh4+ 21. Kg1 Qh2+ 22. Kf1 Rhd8 23. Re1 Kc7 24. Re3 Qh1+ 25. Ke2 Rxf7 26. Qxf7+ Rd7 27. Qf3 Qc1 28. b4 Qc2 29. g3 Qg6 30. a4 Rf7 31. Qh1 Qf5 32. Rf3 Qe6+ 33. Kd1 Qg4 34. Qh4 Rxf3 35. Qxg4 hxg4 36. Nxf3 gxf3 37. Kd2 Kd7 38. Ke3 Ke6 39. Kxf3 Kf5 40. a5 b5 41. axb6 axb6 42. Kg2 Ke4 43. g4 Kd3 44. g5 Kxc3 45. g6 Bf8 46. f4 Kxd4 47. Kf3 Bg7 48. Kg4 Ke4 49. Kg5 d4 50. f5 Ke5 51. Kg4 c5 52. bxc5 bxc5 0-1

[Event "POL-ch U16"]
[Site "Karpacz"]
[Date "2015.03.20"]
[Round "7"]
[White "Tamon, Radoslaw"]
[Black "Szmer, Aleksander"]
[Result "0-1"]
[WhiteElo "1880"]
[BlackElo "1767"]
[PlyCount "80"]
[EventDate "2015.03.15"]
[EventType "swiss"]
[EventRounds "9"]
[EventCountry "POL"]
[SourceTitle "EXT 2017"]
[Source "ChessBase"]
[SourceDate "2016.10.25"]
[SourceVersion "1"]
[SourceVersionDate "2016.10.25"]
[SourceQuality "1"]

1. e4 c5 2. Nf3 g6 3. c3 Bg7 4. d4 cxd4 5. cxd4 Nf6 6. Nc3 d6 7. Be2 0-0 8. h3 Nc6 9. Be3 Bd7 10. 0-0 a6 11. d5 Na7 12. Nd4 b5 13. a3 Nc8 14. Qd2 Re8 15. Rac1 Nb6 16. b3 Rc8 17. Rc2 Rxc3 18. Qxc3 Nxe4 19. Qa5 Nxd5 20. Qxa6 Nxe3 21. fxe3 Bh6 22. Rf3 Ng5 23. Rg3 Ne4 24. Rf3 Ng5 25. Rg3 Ne4 26. Rf3 Nc5 27. Qa7 e5 28. Nxb5 e4 29. Rxf7 Bxe3+ 30. Kh1 Kxf7 31. Nxd6+ Kg8 32. Nxe8 Bxe8 33. b4 Qd4 34. Bc4+ Kh8 35. Qb8 Qd1+ 36. Kh2 Bg1+ 37. Kg3 Qe1+ 38. Kg4 h5+ 39. Kg5 Be3+ 40. Kf6 Qh4+ 0-1

[Event "POL-ch U16"]
[Site "Karpacz"]
[Date "2015.03.17"]
[Round "4"]
[White "Tamon, Radoslaw"]
[Black "Mockun, Dawid"]
[Result "0-1"]
[WhiteElo "1880"]
[BlackElo "1892"]
[PlyCount "102"]
[EventDate "2015.03.15"]
[EventType "swiss"]
[EventRounds "9"]
[EventCountry "POL"]
[SourceTitle "EXT 2017"]
[Source "ChessBase"]
[SourceDate "2016.10.25"]
[SourceVersion "1"]
[SourceVersionDate "2016.10.25"]
[SourceQuality "1"]

1. e4 e6 2. d4 d5 3. Nc3 Nf6 4. e5 Nfd7 5. f4 c5 6. Nf3 Nc6 7. Be3 a6 8. Qd2 b5 9. dxc5 Nxc5 10. a3 Bb7 11. Nd4 Qc7 12. Bd3 Nxd3+ 13. Qxd3 Na5 14. 0-0 g6 15. b3 Rc8 16. Nce2 Be7 17. Rfc1 0-0 18. g4 Nc6 19. g5 Bc5 20. c3 Qd7 21. Rc2 Rc7 22. b4 Bb6 23. Nb3 Bxe3+ 24. Qxe3 Ne7 25. Nc5 Qc8 26. Nd4 Bc6 27. Qf2 Bd7 28. Kg2 Rxc5 29. bxc5 Qxc5 30. Nf3 Qc4 31. Rb1 Qxf4 32. Rb4 Qf5 33. Qd2 d4 34. Nxd4 Qxe5 35. Nf3 Bc6 36. Qf4 Qxf4 37. Rxf4 e5 38. Rf6 Nd5 39. Rxc6 Ne3+ 40. Kf2 Nxc2 41. Nxe5 Ra8 42. Rc7 Nxa3 43. Kg2 a5 44. Nxf7 a4 45. Nh6+ Kf8 46. Rxh7 Ra6 47. Rf7+ Ke8 48. Rf2 Nb1 49. c4 b4 50. Ng4 a3 51. Ne3 b3 0-1

[Event "POL-ch U16"]
[Site "Karpacz"]
[Date "2015.03.16"]
[Round "2"]
[White "Tamon, Radoslaw"]
[Black "Bakalarczyk, Jakub"]
[Result "1/2-1/2"]
[WhiteElo "1880"]
[BlackElo "1602"]
[PlyCount "64"]
[EventDate "2015.03.15"]
[EventType "swiss"]
[EventRounds "9"]
[EventCountry "POL"]
[SourceTitle "EXT 2017"]
[Source "ChessBase"]
[SourceDate "2016.10.25"]
[SourceVersion "1"]
[SourceVersionDate "2016.10.25"]
[SourceQuality "1"]

1. e4 c6 2. d4 d5 3. exd5 cxd5 4. Bd3 Nc6 5. c3 Nf6 6. h3 g6 7. Nf3 Bg7 8. 0-0 0-0 9. Re1 a6 10. Bf4 Bf5 11. Ne5 Bxd3 12. Qxd3 e6 13. Nd2 Nxe5 14. Bxe5 Nd7 15. Bxg7 Kxg7 16. Nf3 b5 17. a4 Qb6 18. Ra3 Rfb8 19. Nd2 Qc6 20. axb5 axb5 21. Rea1 Rxa3 22. Rxa3 b4 23. Ra1 bxc3 24. bxc3 Re8 25. Re1 Nb6 26. Qc2 Na4 27. Nb1 Qc4 28. Kh2 Qc7+ 29. Kg1 Qc4 30. Kh2 Qc7+ 31. Kg1 Qc4 32. Kh2 Qc7+ 1/2-1/2

[Event "POL Olympiad U14"]
[Site "Spala"]
[Date "2014.12.30"]
[Round "4.5"]
[White "Tamon, Radoslaw"]
[Black "Grela, Kacper"]
[Result "0-1"]
[WhiteElo "1707"]
[BlackElo "2025"]
[PlyCount "144"]
[EventDate "2014.04.06"]
[EventType "swiss"]
[EventRounds "9"]
[EventCountry "POL"]
[SourceTitle "EXT 2023"]
[Source "ChessBase"]
[SourceDate "2022.10.05"]
[SourceVersion "1"]
[SourceVersionDate "2022.10.05"]
[SourceQuality "1"]

1. e4 c5 2. Nf3 d6 3. d4 cxd4 4. Nxd4 Nf6 5. Nc3 Nc6 6. Bg5 e6 7. Qd2 a6 8. 0-0-0 Bd7 9. f3 Qc7 10. Kb1 Be7 11. h4 h6 12. Be3 Ne5 13. Bd3 Nc4 14. Bxc4 Qxc4 15. g4 0-0-0 16. Nb3 Qc7 17. Qf2 Rdf8 18. Bb6 Qb8 19. Na5 Bc6 20. Nc4 Nd7 21. Qh2 Nxb6 22. Nxb6+ Kc7 23. Nc4 Rd8 24. Qf4 Rhf8 25. Qd2 Qa7 26. Ne3 Qc5 27. Ne2 Bf6 28. Nc1 b5 29. Nd3 Qb6 30. Nb4 Bb7 31. c3 Kb8 32. Nbc2 Rfe8 33. Nd4 Re7 34. Nec2 Rc7 35. g5 hxg5 36. hxg5 Be7 37. Rh7 Qc5 38. Rxg7 Qe5 39. Rh7 Bxg5 40. Qe2 f5 41. Rxc7 Kxc7 42. exf5 Qxe2 43. Nxe2 Bxf3 44. Ncd4 Bxe2 45. Nxe2 e5 46. Ng3 d5 47. Nh5 Kd6 48. Ng3 Ke7 49. Kc2 Kf6 50. Ne4+ Kxf5 51. Nc5 e4 52. Nxa6 e3 53. Nc7 Ke4 54. Nxb5 Rh8 55. Nd4 Rh2+ 56. Kb3 Bf6 57. a4 Bxd4 58. Rxd4+ Kf3 59. Rxd5 e2 60. Re5 Rh4 61. Rxe2 Kxe2 62. c4 Kd3 63. c5 Rc4 64. c6 Kd4 65. Ka3 Kd5 66. c7 Rxc7 67. Kb4 Kc6 68. Kc4 Kb6+ 69. Kb4 Rh7 70. a5+ Ka6 71. Ka4 Rh4+ 72. b4 Rg4 0-1

[Event "Kujawsko Pomorskie-ch op 67th"]
[Site "Inowroclaw"]
[Date "2014.08.10"]
[Round "3"]
[White "Hasinski, Krystian"]
[Black "Tamon, Radoslaw"]
[Result "1/2-1/2"]
[WhiteElo "1904"]
[BlackElo "1844"]
[PlyCount "96"]
[EventDate "2014.08.09"]
[EventType "swiss"]
[EventRounds "9"]
[EventCountry "POL"]
[SourceTitle "EXT 2019"]
[Source "ChessBase"]
[SourceDate "2018.10.10"]
[SourceVersion "1"]
[SourceVersionDate "2018.10.10"]
[SourceQuality "1"]

1. d4 Nf6 2. c4 c5 3. e3 e6 4. Nc3 d5 5. Nf3 Nc6 6. Be2 dxc4 7. Bxc4 Be7 8. 0-0 0-0 9. a3 a6 10. dxc5 Bxc5 11. b4 Be7 12. Qe2 Qc7 13. Bb2 b5 14. Bb3 Bb7 15. Rac1 Rfd8 16. Rc2 Qb6 17. h3 h6 18. Rd1 Rxd1+ 19. Qxd1 a5 20. bxa5 Nxa5 21. Ba2 Nc4 22. Bxc4 bxc4 23. Qc1 Bxf3 24. gxf3 Nd5 25. Nd1 Qb3 26. Rxc4 Bxa3 27. Rc8+ Rxc8 28. Qxc8+ Bf8 29. Qc1 Nb4 30. Qd2 Nd5 31. Kg2 Bb4 32. Qe2 f5 33. Be5 Be7 34. Qd2 Qb4 35. Qxb4 Nxb4 36. Nb2 Nc6 37. Bc3 g5 38. Nc4 Kf7 39. Ne5+ Nxe5 40. Bxe5 Bf6 41. Bc7 Kg6 42. Bb6 e5 43. e4 f4 44. Kf1 Kh5 45. Bc5 Kh4 46. Kg2 Bg7 47. Be7 Kh5 48. Kh2 Kh4 1/2-1/2

[Event "Kujawsko Pomorskie-ch op 67th"]
[Site "Inowroclaw"]
[Date "2014.08.10"]
[Round "2"]
[White "Tamon, Radoslaw"]
[Black "Olszewski, Marek"]
[Result "0-1"]
[WhiteElo "1844"]
[BlackElo "2042"]
[PlyCount "76"]
[EventDate "2014.08.09"]
[EventType "swiss"]
[EventRounds "9"]
[EventCountry "POL"]
[SourceTitle "EXT 2019"]
[Source "ChessBase"]
[SourceDate "2018.10.10"]
[SourceVersion "1"]
[SourceVersionDate "2018.10.10"]
[SourceQuality "1"]

1. e4 Nc6 2. d4 d5 3. Nc3 Nf6 4. exd5 Nxd5 5. Nf3 Bg4 6. Bb5 Nxc3 7. bxc3 Qd5 8. Qe2 e6 9. Bb2 0-0-0 10. c4 Qh5 11. Bxc6 bxc6 12. c5 Bxf3 13. gxf3 Be7 14. c4 Qg6 15. Qe4 Qxe4+ 16. fxe4 e5 17. 0-0-0 exd4 18. Bxd4 Rhe8 19. f3 Bf8 20. Rhe1 Re6 21. Kc2 Rh6 22. Re2 Rh5 23. Rdd2 g6 24. e5 Bh6 25. Rd3 Rh4 26. Kc3 Bg7 27. a4 Re8 28. Rde3 Re6 29. Re4 Rh3 30. Rf4 Re7 31. Kd3 Bh6 32. Ke4 Bxf4 33. Kxf4 Rh4+ 34. Ke3 Rd7 35. Rd2 g5 36. a5 a6 37. h3 h6 38. e6 fxe6 0-1

[Event "POL-chT U19 2nd League"]
[Site "Szczyrk"]
[Date "2014.07.26"]
[Round "2.133"]
[White "Madalinski, Jan"]
[Black "Tamon, Radoslaw"]
[Result "0-1"]
[WhiteElo "1474"]
[BlackElo "1721"]
[PlyCount "50"]
[EventDate "2014.07.25"]
[EventType "team-swiss"]
[EventRounds "11"]
[EventCountry "POL"]
[SourceTitle "EXT 2015"]
[Source "ChessBase"]
[SourceDate "2014.11.20"]
[SourceVersion "1"]
[SourceVersionDate "2014.11.20"]
[SourceQuality "1"]
[WhiteTeam "Belchatow UKS Jedynka U19"]
[BlackTeam "Bydgoszcz Chemik U19"]
[WhiteTeamCountry "POL"]
[BlackTeamCountry "POL"]

1. d4 Nf6 2. c4 c5 3. d5 b5 4. cxb5 a6 5. f3 d6 6. e4 Nbd7 7. Nc3 g6 8. b3 Bg7 9. Bb2 0-0 10. bxa6 Qa5 11. Qd2 Bxa6 12. Bxa6 Qxa6 13. a4 Rfc8 14. Nge2 Ne8 15. 0-0 Nc7 16. Rab1 Qb6 17. Nb5 Nxb5 18. Bxg7 Kxg7 19. axb5 Qxb5 20. Qc3+ Kg8 21. Ng3 Ra3 22. Qc2 Rca8 23. Rb2 Ne5 24. Rd1 Rb8 25. f4 Nc4 0-1

[Event "POL-ch qual U13"]
[Site "Jastrzebia Gora"]
[Date "2013.09.28"]
[Round "6.3"]
[White "Tamon, Radoslaw"]
[Black "Szymanowski, Igor"]
[Result "1-0"]
[WhiteElo "1665"]
[BlackElo "1674"]
[PlyCount "45"]
[EventDate "2013.09.28"]
[EventType "swiss"]
[EventRounds "9"]
[EventCountry "POL"]
[SourceTitle "EXT 2023"]
[Source "ChessBase"]
[SourceDate "2022.10.05"]
[SourceVersion "1"]
[SourceVersionDate "2022.10.05"]
[SourceQuality "1"]

1. d4 Nf6 2. c4 g6 3. Nc3 Bg7 4. Nf3 d6 5. Bf4 0-0 6. e3 c6 7. h3 Re8 8. Be2 Nbd7 9. 0-0 Nh5 10. Bh2 f5 11. d5 cxd5 12. Qxd5+ Kh8 13. Ng5 e6 14. Nxe6 Ndf6 15. Nxd8 Nxd5 16. Nf7+ Kg8 17. Nxd5 Kxf7 18. Nc7 Be6 19. Nxa8 Rxa8 20. Rab1 Ke7 21. Rfd1 Rd8 22. Bxh5 gxh5 23. b3 1-0

[Event "Wroclaw op-B 8th"]
[Site "Wroclaw"]
[Date "2013.07.08"]
[Round "8"]
[White "Holownia, Michal"]
[Black "Tamon, Radoslaw"]
[Result "1/2-1/2"]
[WhiteElo "1522"]
[BlackElo "1611"]
[PlyCount "42"]
[EventDate "2013.07.01"]
[EventType "swiss"]
[EventRounds "9"]
[EventCountry "POL"]
[SourceTitle "EXT 2014"]
[Source "ChessBase"]
[SourceDate "2013.11.20"]
[SourceVersion "1"]
[SourceVersionDate "2013.11.20"]
[SourceQuality "1"]

1. e4 e5 2. Nf3 Nc6 3. Bc4 Bc5 4. c3 Nf6 5. d4 exd4 6. cxd4 Bb4+ 7. Bd2 Qe7 8. 0-0 Bxd2 9. Nbxd2 d6 10. h3 Bd7 11. Re1 0-0-0 12. Rc1 Nh5 13. Qc2 Nf4 14. Bb3 Bxh3 15. gxh3 Nb4 16. Qc3 Nbd3 17. Kf1 Nxe1 18. Nxe1 Qd7 19. Bd1 h5 20. Ng2 Nxh3 21. Ba4 b5 1/2-1/2

[Event "Wroclaw op-B 8th"]
[Site "Wroclaw"]
[Date "2013.07.06"]
[Round "6"]
[White "Stelmaszuk, Maciej"]
[Black "Tamon, Radoslaw"]
[Result "1/2-1/2"]
[WhiteElo "1537"]
[BlackElo "1611"]
[PlyCount "55"]
[EventDate "2013.07.01"]
[EventType "swiss"]
[EventRounds "9"]
[EventCountry "POL"]
[SourceTitle "EXT 2014"]
[Source "ChessBase"]
[SourceDate "2013.11.20"]
[SourceVersion "1"]
[SourceVersionDate "2013.11.20"]
[SourceQuality "1"]

1. d4 Nf6 2. c4 c5 3. d5 b5 4. cxb5 a6 5. bxa6 Bxa6 6. Nc3 d6 7. e4 Bxf1 8. Kxf1 g6 9. g3 Bg7 10. Kg2 0-0 11. Qe2 Nbd7 12. a4 Qa5 13. Bd2 Qb4 14. Rb1 Ne5 15. b3 c4 16. bxc4 Qxc4 17. Qxc4 Nxc4 18. Bg5 Rfc8 19. Nge2 h6 20. Bxf6 Bxf6 21. Rhc1 Kf8 22. Rb4 Ne5 23. Nb5 Nd3 24. Rxc8+ Rxc8 25. Rb3 Nc5 26. Rb4 Nd3 27. Rb3 Nc5 28. Rb4 1/2-1/2

[Event "Wroclaw op-B 8th"]
[Site "Wroclaw"]
[Date "2013.07.03"]
[Round "3"]
[White "Bebel, Agnieszka"]
[Black "Tamon, Radoslaw"]
[Result "0-1"]
[WhiteElo "1507"]
[BlackElo "1611"]
[PlyCount "124"]
[EventDate "2013.07.01"]
[EventType "swiss"]
[EventRounds "9"]
[EventCountry "POL"]
[SourceTitle "EXT 2014"]
[Source "ChessBase"]
[SourceDate "2013.11.20"]
[SourceVersion "1"]
[SourceVersionDate "2013.11.20"]
[SourceQuality "1"]

1. e4 e5 2. Nf3 Nc6 3. Bb5 a6 4. Ba4 Nf6 5. d3 b5 6. Bb3 Be7 7. c3 0-0 8. Nbd2 d6 9. 0-0 Na5 10. Bc2 c5 11. a4 Bb7 12. Re1 Re8 13. Nf1 Bf8 14. Ng3 g6 15. h3 Bg7 16. b3 Qc7 17. Bb2 Nc6 18. d4 cxd4 19. cxd4 exd4 20. Nxd4 Nxd4 21. Bxd4 Rac8 22. Bd3 Qd7 23. Ra2 Re7 24. axb5 axb5 25. b4 Rce8 26. Qa1 Re6 27. f3 Rc8 28. Ra7 Rc7 29. Ne2 Ne8 30. Bxg7 Nxg7 31. Nd4 Re7 32. Nxb5 Rc8 33. Qd4 d5 34. Rxb7 Qxb7 35. Nd6 Nf5 36. Nxb7 Nxd4 37. Nc5 dxe4 38. Rxe4 Rxe4 39. Bxe4 Rb8 40. Na6 Rb6 41. Bd3 Nc6 42. b5 Nd4 43. Nc7 Rb7 44. Nd5 Nxb5 45. Nf6+ Kg7 46. Ne4 Nd4 47. Bc4 Nf5 48. Bd3 Rb3 49. Nf2 Nd6 50. Ba6 Ra3 51. Bd3 f5 52. f4 Kf6 53. h4 h6 54. Kh2 g5 55. hxg5+ hxg5 56. fxg5+ Kxg5 57. Nh3+ Kf6 58. Be2 Ke5 59. Bf3 Ne4 60. Ng1 f4 61. Bxe4 Kxe4 62. Nf3 Rxf3 0-1

[Event "Gdansk op 14th"]
[Site "Gdansk"]
[Date "2012.07.29"]
[Round "9"]
[White "Wojszkun, Tadeusz"]
[Black "Tamon, Radoslaw"]
[Result "0-1"]
[WhiteElo "1809"]
[BlackElo "1623"]
[PlyCount "64"]
[EventDate "2012.07.22"]
[EventType "swiss"]
[EventRounds "9"]
[EventCountry "POL"]
[SourceTitle "CBM 149 Extra"]
[Source "ChessBase"]
[SourceDate "2012.08.24"]
[SourceVersion "1"]
[SourceVersionDate "2012.08.24"]
[SourceQuality "1"]

1. d4 Nf6 2. Nf3 g6 3. b3 Bg7 4. Bb2 0-0 5. e3 d6 6. Be2 Bf5 7. 0-0 Qd7 8. c4 Nc6 9. Nc3 Rae8 10. d5 Nd8 11. Nd4 c6 12. Bf3 Bg4 13. Rb1 c5 14. Nc2 Bxf3 15. Qxf3 Ng4 16. e4 Ne5 17. Qe2 f5 18. f4 Ng4 19. h3 Nh6 20. e5 e6 21. dxe6 Rxe6 22. Qd2 Nhf7 23. Rbd1 a6 24. Rfe1 Rfe8 25. Ne3 Nc6 26. Ned5 Qd8 27. exd6 Nxd6 28. Na4 Ne4 29. Qc1 Bd4+ 30. Bxd4 Nxd4 31. Rxe4 Rxe4 32. Nxc5 Ne2+ 0-1

[Event "Gdansk op 14th"]
[Site "Gdansk"]
[Date "2012.07.28"]
[Round "8"]
[White "Tamon, Radoslaw"]
[Black "Les, Czeslaw"]
[Result "0-1"]
[WhiteElo "1623"]
[BlackElo "1915"]
[PlyCount "46"]
[EventDate "2012.07.22"]
[EventType "swiss"]
[EventRounds "9"]
[EventCountry "POL"]
[SourceTitle "CBM 149 Extra"]
[Source "ChessBase"]
[SourceDate "2012.08.24"]
[SourceVersion "1"]
[SourceVersionDate "2012.08.24"]
[SourceQuality "1"]

1. d4 d5 2. c4 Nf6 3. cxd5 Nxd5 4. e4 Nf6 5. Nc3 e5 6. Nf3 exd4 7. Qxd4 Qxd4 8. Nxd4 Bb4 9. Bd3 0-0 10. Ndb5 Na6 11. a3 Ba5 12. Bg5 Nc5 13. Bc2 Nfxe4 14. b4 Nxg5 15. bxa5 Re8+ 16. Kf1 Na6 17. h4 Ne6 18. Kg1 Bd7 19. Bd3 Nac5 20. Bc4 a6 21. Bxe6 Nxe6 22. a4 axb5 23. axb5 Nf4 0-1